000
00316nam a2200133Ia 4500
005
20251222152623.0
008
251222s9999||||xx |||||||||||||| ||spa||
020
_a
9789972608254
082
_a
373.092/B38
100
_a
Belaunde, Luisa Elvira
245
0
_a
El Recuerdo de Luna:
250
_a
2da.ed.
942
_c
LIB
999
_c
27439
_d
27439